000
00235 a2200097 4500
001
34526
100
_a
Kabir Muhammad Khan
245
_a
Kashmir Ka Tareekh Joghrafia
260
_a
Lahore
_b
Maqbool Academy
_c
1991
090
_c
22809
_d
22809
942
_a
NUST-CAE
_c
M
_c
14235
999
_c
269599
_d
269599